|
|
|
|
| LEADER |
00880nab a2200229 i 4500 |
| 001 |
misc65636 |
| 005 |
20240927092656.0 |
| 008 |
230801s1932 hu o 000 ita d |
| 040 |
|
|
|a SZTE Miscellanea Repozitórium
|b hun
|
| 041 |
|
|
|a ita
|
| 100 |
1 |
|
|a Tagliavini Carlo
|
| 245 |
1 |
3 |
|a La lingua ungherese e il problema delle origini dei magiari
|h [elektronikus dokumentum] /
|c Tagliavini Carlo
|
| 260 |
|
|
|a Franklin
|b Budapest
|c 1932
|
| 300 |
|
|
|a 24 p.
|c 24 cm
|
| 490 |
0 |
|
|a Corvina : rivista di scienze, lettere ed arti della Società Ungherese -Italiana Mattia Corvino
|
| 561 |
|
|
|a Németh Gyula hagyaték
|
| 591 |
|
|
|a NOM 5914
|
| 650 |
|
4 |
|a Bölcsészettudományok
|
| 650 |
|
4 |
|a Történettudomány és régészet
|
| 650 |
|
4 |
|a Nyelvek és irodalom
|
| 695 |
|
|
|a Magyar nyelvtörténet, Magyarok eredete
|
| 856 |
4 |
0 |
|u http://misc.bibl.u-szeged.hu/65636/1/5914_nom.pdf
|z Dokumentum-elérés
|